000 00386pam a2200169 a 4500
020 _c
041 _h
082 _bALI
100 _aALI S.R.
245 _aDIGITAL SWITCHING SYSTEM/
_hTextual Documents
250 _a01-01-2002.
260 _bTATA MC GRAW HILL PUB. CO.LTD. NEW DELHI-110 008
300 _a219
500 _a3349
653 _aDIGITAL ELECTRONICS
930 _a3019
999 _c46244
_d46244